000 00493nam a2200169 i 4500
001 82288
003 ES-MaACL
005 20230906174641.0
007 t|
008 041108s1970 sp ||||1| gao d
100 1 _aIglesias de Souza, Luis.
_965106
245 1 0 _aMeu tempo desgaxado
_b: = Mi tiempo desgarrado /
_cLuis Iglesias de Souza.
260 _aLa Coruña :
_b[s.n.,
_c1970]
300 _a32 p. ;
_c17 cm.
740 0 _aMi tiempo desgarrado.
852 _aES-MaACL
_j2073-F-13
_bR.75001
999 _c82288
_d82288